| 000 | 00580nam a2200217Ia 4500 | ||
|---|---|---|---|
| 003 | OSt | ||
| 005 | 20221007065429.0 | ||
| 006 | a|||||r|||| 00| 0 | ||
| 007 | ta | ||
| 008 | 221006b |||||||| |||| 00| 0 eng d | ||
| 024 | _a42,833 | ||
| 037 | _cDissertations | ||
| 040 |
_aFLL _cFLL _beng |
||
| 041 |
_2eng _aeng |
||
| 100 |
_aJha D. K. _9446802 |
||
| 245 | 0 | _aAn appraisal of securities regulation regime in India | |
| 260 |
_aFaculty _bof law University of Delhi _c2015 |
||
| 300 |
_a131 v _ccm. |
||
| 942 |
_cDIS _2CC |
||
| 999 |
_c1137259 _d1137259 |
||